Szczegóły MARC21

Der Fieberkopf : ein Roman in Briefen /

003 -Nazwa inst., której nr kontr. jest w polu 001 [,]
    • @
    • Nazwa instytucji, której n kontrolny jest w polu 001
    • NUKAT
005 -DATA I CZAS OSTATNIEJ MODYFIKACJI [,]
    • @
    • pole kontrolne
    • 20241231101358.0
020 -Międzynarod. znormalizowany nr książki - ISBN [ , ]
    • a
    • Numer ISBN
    • 3854200935 Find
    • q
    • Dopowiedzenie
    • Normalausg.
020 -Międzynarod. znormalizowany nr książki - ISBN [ , ]
    • a
    • Numer ISBN
    • 3854200943 Find
    • q
    • Dopowiedzenie
    • Sonderausg.
040 -Instytucja sporządzająca opis [ , ]
    • a
    • Instytucja, która sporządziła opis (NP)
    • KR U/sid
    • c
    • Instytucja, która sporządziła rekord (NP)
    • KR U/sid
    • d
    • Instytucja, która zmodyfikowała rekord (P)
    • KR U/JAKs
942 -Rodzaj dokumentu [ , ]
    • c
    • Rodzaj dokumentu
    • Książka
100 -Hasło główne - nazwa osobowa [1, ]
    • a
    • Nazwa osobowa (NP)
    • Bauer, Wolfgang
    • d
    • Daty biograficzne (NP)
    • (1941-2005).
    • 9
    • KHW
    • 260548
245 -Strefa tytułu i oznaczenia odpowiedzialności [1,4]
    • a
    • Tytuł
    • Der Fieberkopf : Find
    • b
    • Ciąg dalszy tytułu (NP)
    • ein Roman in Briefen / Find
    • c
    • Pozostałe elementy strefy tytułu i oznaczenia odpowiedzialności (NP)
    • Wolfgang Bauer ; mit einem Nachw. von Wendelin Schmidt-Dengler.
260 -Strefa adresu wydawniczego [ , ]
    • a
    • Miejsce wydania (P)
    • Graz ;
    • a
    • Miejsce wydania (P)
    • Wien :
    • b
    • Nazwa wydawcy (P)
    • Verlag Droschl,
    • c
    • Data wydania (P)
    • 1986.
300 -Strefa opisu fizycznego [ , ]
    • a
    • Określenie formy książki i/lub objętość (NP)
    • 187, [2] s. ;
    • c
    • Format (NP)
    • 21 cm.
336 -Typ zawartości [ , ]
    • a
    • Termin opisujący typ zawartości
    • Tekst
    • b
    • Kod określający zawartość
    • txt
    • 2
    • Źródło (terminu i kodu)
    • rdacontent
337 -Typ mediów [ , ]
    • a
    • Tryb odtwarzania
    • Bez urządzenia pośredniczącego
    • b
    • Kod typu mediów
    • n
    • 2
    • Źródło (terminu i kodu)
    • rdamedia
338 -Typ/rodzaj nośnika [ , ]
    • a
    • Hasło opisujące typ nośnika
    • Wolumin
    • b
    • Kod typu nośnika
    • nc
    • 2
    • Źródło (terminu i kodu)
    • rdacarrier
490 -Strefa serii i książki wielotomowej - forma nie do wyszukiwania [1, ]
    • a
    • Tytuł (P)
    • Werke in sieben Bänden / Wolfgang Bauer ; Find
    • v
    • Numeracja (P)
    • Bd. 4
655 -Hasło w funkcji tematu formalnego [ ,7]
    • a
    • Hasło
    • Powieść austriacka
    • y
    • Określnik chronologiczny
    • 1945-1970.
    • 2
    • Źródło terminu
    • kaba
    • 9
    • KHW
    • 401675
700 -Hasło dodatkowe - nazwa osobowa [1, ]
    • a
    • Nazwa osobowa (NP)
    • Schmidt-Dengler, Wendelin Find
    • d
    • Daty biograficzne (NP)
    • (1942-2008).
    • e
    • Określenie rodzaju współpracy
    • Posł.
    • 9
    • KHW
    • 251634
800 -Hasło dodatkowe opisu książki wielotomowej - nazwa osobowa [1, ]
    • a
    • Nazwa osobowa (NP)
    • Bauer, Wolfgang
    • d
    • Daty biograficzne (NP)
    • (1941-2005).
    • t
    • Tytuł ujednolicony/tytuł (NP)
    • Werke
    • v
    • Oznaczenie tomu (NP)
    • Bd. 4
    • 9
    • KHW
    • 742638
920 -ISBN [ , ]
    • a
    • ISBN
    • 3-85420-093-5 Find
    • q
    • Dopowiedzenie
    • Normalausg.
920 -ISBN [ , ]
    • a
    • ISBN
    • 3-85420-094-3 Find
    • q
    • Dopowiedzenie
    • Sonderausg.
Status udost. Numer inwentarzowy Data inwentaryzacji Lokalizacja Sygnatura
-3BJM.71512026-04-01BMGerm. Literatura austriacka